<A> Relational data base management system

Salvato in:
Dettagli Bibliografici
Autore principale: Hutt, A.T.F
Natura: Libro
Lingua:inglese
Pubblicazione: Chichester Wiley 1979
Tags: Aggiungi Tag
Nessun Tag, puoi essere il primo ad aggiungerne!!

MARC

LEADER 00000nam a2200000 4500
001 c140566
005 20041019155319.3
041 0 |a eng 
044 |a GB 
245 1 0 |a <A> Relational data base management system  |c A.T.F. Hutt 
264 1 |a Chichester  |b Wiley  |c 1979 
300 |a 226 s. 
100 1 |a Hutt, A.T.F.